| 000 | 01517nam a2200385 a 4500 | ||
|---|---|---|---|
| 003 | CHAP | ||
| 005 | 20220329143122.0 | ||
| 008 | 060517d1999 mx r 10100 spa d | ||
| 010 | _a92193 | ||
| 011 | _a93165 | ||
| 020 | _a9688392731 | ||
| 035 | _a103737 | ||
| 040 | _cCHAP | ||
| 082 | 0 | 4 |
_a332.67 _bT3 |
| 111 | 2 |
_aTaller de Análisis y Evaluación de Experiencias de Proyectos de Desarrollo Rural en el Periodo de Vinculación con Programas Estatales: Limitaciones, Retos, Oportunidades y Recomentaciones _d(1999 : _cMontecillo, Méx.) _9111427 |
|
| 245 | 1 | 0 |
_aMemoria _c/ed. por Aníbal Quispe Limaylla, Oscar Luis Figueroa Rodríguez y Leobardo Jiménez Sánchez |
| 260 |
_aMontecillo, Méx. : _bColegio de Postgraduados, _c1999. |
||
| 300 | _a88 p. | ||
| 590 |
_aBATCH-UPD _b10 _c20130110 _lUCH01 _h0505 |
||
| 590 |
_aBATCH-UPD _b10 _c20130110 _lUCH01 _h2145 |
||
| 590 |
_aBATCH-UPD _b10 _c20130410 _lUCH01 _h0143 |
||
| 590 |
_aBATCH-UPD _b10 _c20130410 _lUCH01 _h1640 |
||
| 590 |
_aBATCH-UPD _b10 _c20130914 _lUCH01 _h1406 |
||
| 590 |
_aCONVERSION _b10 _c20130109 _lUCH01 _h1351 |
||
| 650 | 1 | 4 |
_aDesarrollo rural _eed. _932067 |
| 650 | 1 | 4 |
_aProyectos de desarrollo. _992528 |
| 650 | 1 | 4 |
_aProyectos _xEvaluación. _992525 |
| 700 | 0 |
_aFigueroa Rodríguez, Oscar Luis _eed. _940834 |
|
| 700 | 0 |
_aJiménez Sánchez, Leobardo. _961653 |
|
| 700 | 0 |
_aQuispe Limaylla, Aníbal _eed. _993540 |
|
| 901 | _aBK | ||
| 905 | _aLilia | ||
| 942 | _cLIBRO | ||
| 949 |
_a332.67 T3 _bBC _cLIBRO _d33724000985461 _eLIBRO _h107994 _i103737 _si |
||
| 999 |
_c92193 _d92193 |
||